Computer organization and design : the hardware/software interface /

Bibliographic Details
Main Author: Patterson, David A.
Other Authors: Hennessy, John L.
Format: Book
Language:English
Published: Amsterdam ; Boston : Elsevier/Morgan Kaufmann, [2005]
Edition:3rd ed.
Subjects:
Online Access:Table of contents
Publisher description

MARC

Tag First Indicator Second Indicator Subfields
LEADER 00000cam a2200000Ia 4500
001 in00002000925
005 20170215154554.0
008 040817s2005 ne a b 001 0 eng d
010 |a  2004400333 
016 |a B0516781  |2 bccb 
019 |a 60175268 
020 |a 1558606041 (paper) 
020 |a 9781558606043 (paper) 
035 |a (OCoLC)ocm56213091 
040 |a CSL  |c CSL  |d TXA  |d UtOrBLW 
042 |a lccopycat 
049 |a TXAM 
050 0 0 |a QA76.9.C643  |b P37 2004 
082 0 0 |a 004.2/2  |2 22 
090 |a QA76.9.C643  |b P37 2005 
100 1 |a Patterson, David A. 
245 1 0 |a Computer organization and design :  |b the hardware/software interface /  |c David A. Patterson, John L. Hennessy ; with a contribution by Peter J. Ashenden, James R. Larus, Daniel J. Sorin. 
246 1 5 |a Computer organization design 
250 |a 3rd ed. 
264 1 |a Amsterdam ;  |a Boston :  |b Elsevier/Morgan Kaufmann,  |c [2005] 
264 4 |c ©2005 
300 |a xvii, 621 pages, I1-16 :  |b illustrations ;  |c 23 cm. +  |e 1 CD-ROM (4 3/4 in.) 
336 |a text  |b txt  |2 rdacontent 
337 |a unmediated  |b n  |2 rdamedia 
338 |a volume  |b nc  |2 rdacarrier 
500 |a On title page of previous edition John L. Hennessy's name appeared first. 
504 |a Includes bibliographical references and index. 
538 |a System requirements for accompanying disc: IBM PC or compatible ; Windows 98 or later ; Web browser (Internet Explorer 6.0 ; Netscape 7.1 ; Mozilla 1.6 ; Opera 7.23) ; Macromedia Flash Player or Shockwave Player ; CD-ROM drive ; monitor with 1024 x 768 pixel resolution ; mouse. 
538 |a System requirements for accompanying disc: Macintosh ; Mac OS 9 or OS X ; Web browser (Internet Explorer 5.2.3 ; Netscape 7.1 ; Mozilla 1.6 ; Safari 1.2) ; Macromedia Flash Player or Shockwave Player ; CD-ROM drive ; monitor with 1024 x 768 pixel resolution ; mouse. 
538 |a System requirements for accompanying disc: Linux ; Web browser (galeon 1.3.8) ; Macromedia Flash Player or Shockwave Player ; CD-ROM drive ; monitor with 1024 x 768 pixel resolution ; mouse. 
538 |a System requirements for accompanying disc: Unix ; CD-ROM drive ; monitor with 1024 x 768 pixel resolution ; mouse. 
650 0 |a Computer organization. 
650 0 |a Computer engineering. 
650 0 |a Computer interfaces. 
700 1 |a Hennessy, John L. 
856 4 1 |3 Table of contents  |u http://www.loc.gov/catdir/toc/els051/2004400333.html  |t 0 
856 4 2 |3 Publisher description  |u http://www.loc.gov/catdir/description/els051/2004400333.html  |t 0 
948 |a cataloged  |b h  |c 2004/10/25  |d c  |e eneff  |f 8:28:37 am 
994 |a E0  |b TXA 
999 |a MARS 
999 f f |s 9060591b-94d9-3eaa-8607-9fb67b3874ec  |i 033598d8-d013-3e4e-a367-291671a6f709  |t 0 
952 f f |p normal  |a Texas A&M University  |b College Station  |c Sterling C. Evans Library  |s Evans stk  |d Evans: Library Stacks  |t 0  |e QA76.9.C643 P37 2005  |h Library of Congress classification  |i unmediated -- volume  |m A14834422435 
998 f f |a QA76.9.C643 P37 2005  |t 0  |l Evans: Library Stacks